[Event "Brasilia LBX Cup 05"]
[Site "Brasilia"]
[Date "2019.05.19"]
[Round "5"]
[White "Guedes, Luis Augusto Maio"]
[Black "De Oliveira, Italo Candido"]
[Result "0-1"]
[WhiteElo "1843"]
[BlackElo "1811"]
[PlyCount "86"]
[EventDate "2019.05.16"]
[EventType "swiss"]
[EventRounds "6"]
[EventCountry "BRA"]
[SourceTitle "CBM 190 Extra"]
[Source "ChessBase"]
[SourceDate "2019.07.15"]
[SourceVersion "1"]
[SourceVersionDate "2019.07.15"]
[SourceQuality "1"]

1. e4 c6 2. d4 d5 3. Nc3 dxe4 4. Nxe4 Bf5 5. Ng3 Bg6 6. h4 h6 7. Nf3 Nf6 8. Ne5 Bh7 9. Bc4 e6 10. Be3 Bb4+ 11. c3 Be7 12. 0-0 0-0 13. Nh5 Nbd7 14. Nxd7 Qxd7 15. Nxf6+ Bxf6 16. Qg4 Bf5 17. Qg3 Kh8 18. Bf4 Rg8 19. Qe3 Kh7 20. Bd3 Bxh4 21. g3 Bf6 22. Kg2 Qd5+ 23. f3 Bxd3 24. Qxd3+ Qf5 25. Qd2 e5 26. Be3 exd4 27. cxd4 Rad8 28. Rh1 g5 29. Rh5 c5 30. Rah1 Rg6 31. g4 Qd5 32. Qc2 Kg7 33. dxc5 Qd3 34. Qf2 Bd4 35. Re1 Re6 36. Bxd4+ Qxd4 37. Rxe6 fxe6 38. Qg3 Qxb2+ 39. Kh3 e5 40. a4 Rd1 41. Qg2 Qc1 42. f4 Rh1+ 43. Kg3 Qxf4# 0-1

[Event "Brasilia LBX Cup 05"]
[Site "Brasilia"]
[Date "2019.05.18"]
[Round "3"]
[White "De Siqueira, Luigy Lira"]
[Black "De Oliveira, Italo Candido"]
[Result "1/2-1/2"]
[WhiteElo "1903"]
[BlackElo "1811"]
[PlyCount "137"]
[EventDate "2019.05.16"]
[EventType "swiss"]
[EventRounds "6"]
[EventCountry "BRA"]
[SourceTitle "CBM 190 Extra"]
[Source "ChessBase"]
[SourceDate "2019.07.15"]
[SourceVersion "1"]
[SourceVersionDate "2019.07.15"]
[SourceQuality "1"]

1. e4 e5 2. Nf3 Nc6 3. d4 exd4 4. Nxd4 Nxd4 5. Qxd4 d6 6. Bc4 Be6 7. Nc3 Bxc4 8. Qxc4 Nf6 9. Bg5 Be7 10. Rd1 c6 11. e5 Nd7 12. Bf4 d5 13. Qe2 0-0 14. 0-0 Nc5 15. Bg3 f5 16. f4 Qb6 17. Qe3 Ne6 18. Qxb6 axb6 19. a3 d4 20. Ne2 c5 21. c3 Rfd8 22. cxd4 Nxd4 23. Nxd4 Rxd4 24. Rxd4 cxd4 25. Bf2 Bc5 26. Rd1 b5 27. Kf1 Kf7 28. Ke2 Ke6 29. Bxd4 Be7 30. Be3 b4 31. axb4 Bxb4 32. Rd3 Rc8 33. Rb3 Rc4 34. Kd3 b5 35. g3 Kd5 36. Bd2 Rd4+ 37. Ke2 Rxd2+ 38. Ke3 Rd4 39. h3 Re4+ 40. Kd3 g5 41. fxg5 Kxe5 42. Kc2 f4 43. gxf4+ Kxf4 44. Rd3 Be7 45. h4 Kg4 46. Rd5 Kxh4 47. Rxb5 Bxg5 48. Kd3 Rg4 49. Ke2 h5 50. Kf2 Bf6 51. b3 Bd4+ 52. Kf3 Rg3+ 53. Ke4 Bf2 54. Kf4 Be3+ 55. Ke4 Bd2 56. Rd5 Rxb3 57. Rxd2 Kg3 58. Rd8 Rb4+ 59. Ke3 Rb3+ 60. Ke2 h4 61. Rg8+ Kh2 62. Kf1 Rb1+ 63. Kf2 h3 64. Rg7 Rb2+ 65. Kf1 Rb3 66. Rg6 Rf3+ 67. Ke2 Rg3 68. Rf6 Rg2+ 69. Kf1 1/2-1/2

[Event "Brasilia-ch"]
[Site "Brasilia"]
[Date "2017.11.18"]
[Round "6"]
[White "De Oliveira, Italo Candido"]
[Black "Labussiere, Yago"]
[Result "1-0"]
[WhiteElo "1792"]
[BlackElo "1930"]
[PlyCount "89"]
[EventDate "2017.11.15"]
[EventType "swiss"]
[EventRounds "7"]
[EventCountry "BRA"]
[SourceTitle "EXT 2019"]
[Source "ChessBase"]
[SourceDate "2018.10.10"]
[SourceVersion "1"]
[SourceVersionDate "2018.10.10"]
[SourceQuality "1"]

1. e4 c5 2. Nf3 Nc6 3. Nc3 g6 4. g3 Bg7 5. Bg2 e6 6. 0-0 Nge7 7. d3 d6 8. Be3 Nd4 9. Bxd4 cxd4 10. Nb1 0-0 11. Nbd2 Nc6 12. Re1 e5 13. c3 Be6 14. c4 Qe7 15. a3 a5 16. Rb1 a4 17. Rf1 f5 18. exf5 gxf5 19. Ne1 Kh8 20. Rc1 Bh6 21. Rc2 Bf7 22. f4 exf4 23. gxf4 Qe3+ 24. Kh1 Bxf4 25. Bxc6 Bxh2 26. Ndf3 Bg3 27. Bd5 Bh5 28. Qd2 Qe7 29. Qg5 Qxg5 30. Nxg5 Rae8 31. Nef3 Re3 32. Kg2 Be5 33. Re1 h6 34. Rxe3 dxe3 35. Nxe5 hxg5 36. Nd7 Re8 37. Kf1 Kg7 38. c5 g4 39. cxd6 f4 40. Rc7 Kg6 41. Be4+ Kg5 42. Nc5 g3 43. d7 e2+ 44. Ke1 f3 45. Bxf3 1-0

[Event "Brazil Fiesta op"]
[Site "Brazil"]
[Date "2017.07.22"]
[Round "3"]
[White "De Oliveira, Italo Candido"]
[Black "Nishizawa, Claudio"]
[Result "1/2-1/2"]
[WhiteElo "1812"]
[BlackElo "1591"]
[PlyCount "141"]
[EventDate "2017.07.21"]
[EventType "swiss"]
[EventRounds "6"]
[EventCountry "BRA"]
[SourceTitle "EXT 2019"]
[Source "ChessBase"]
[SourceDate "2018.10.10"]
[SourceVersion "1"]
[SourceVersionDate "2018.10.10"]
[SourceQuality "1"]

1. d4 d5 2. c4 c6 3. cxd5 cxd5 4. Nf3 Nf6 5. Nc3 a6 6. g3 Bf5 7. Bg2 e6 8. a3 Nbd7 9. 0-0 Bd6 10. Re1 0-0 11. Nh4 Bg6 12. Nxg6 hxg6 13. e4 dxe4 14. Nxe4 Nxe4 15. Bxe4 Rb8 16. Qe2 Qe8 17. Qf3 Qc8 18. Bf4 e5 19. dxe5 Bxe5 20. Bxb7 Rxb7 21. Bxe5 Nxe5 22. Rxe5 Rxb2 23. Re2 Qb8 24. Re7 a5 25. a4 Qb6 26. h4 Qb4 27. Re4 Qb6 28. Rae1 Rb3 29. R1e3 Rb2 30. Re8 Rb1+ 31. Kg2 Qa6 32. Qe2 Qc6+ 33. R8e4 Rb4 34. Kh2 Qxa4 35. Re8 Rxe8 36. Rxe8+ Kh7 37. h5 Qc6 38. h6 Rb1 39. Qe4 Qc1 40. hxg7 Qh6+ 41. Qh4 Qxh4+ 42. gxh4 Kxg7 43. Re5 a4 44. Ra5 Ra1 45. h5 gxh5 46. Rxh5 a3 47. Ra5 Kg6 48. Kg2 f5 49. Kf3 Kg5 50. Ra8 a2 51. Ra6 Kh5 52. Ra8 Kg5 53. Ra6 Kh5 54. Ra8 Kg6 55. Ra6+ Kg5 56. Ra8 Kf6 57. Ra5 Ke6 58. Ra6+ Kd5 59. Ra5+ Kc6 60. Ra3 Kb5 61. Ra8 Kc4 62. Rc8+ Kb5 63. Rb8+ Kc6 64. Ra8 Kb7 65. Ra3 Kb6 66. Kf4 Kb5 67. Kxf5 Kb4 68. Ra8 Kb3 69. Rb8+ Kc3 70. Ra8 Kb3 71. Rb8+ 1/2-1/2

[Event "Brasilia IRT do Clube da APCEF DF"]
[Site "Brasilia"]
[Date "2014.08.09"]
[Round "7.3"]
[White "De Oliveira, Italo Candido"]
[Black "Nery Junior, Jose Antonio"]
[Result "0-1"]
[WhiteElo "1828"]
[BlackElo "2112"]
[PlyCount "54"]
[EventDate "2014.08.02"]
[EventType "tourn"]
[EventRounds "9"]
[EventCountry "BRA"]
[SourceTitle "EXT 2022"]
[Source "ChessBase"]
[SourceDate "2021.10.06"]
[SourceVersion "1"]
[SourceVersionDate "2021.10.06"]
[SourceQuality "1"]

1. d4 e5 2. dxe5 Nc6 3. e6 fxe6 4. e4 Bb4+ 5. Bd2 Qe7 6. Qh5+ g6 7. Qb5 Nf6 8. Nc3 0-0 9. 0-0-0 Bxc3 10. Bxc3 Nxe4 11. Be1 Nxf2 12. Bxf2 Rxf2 13. Nh3 a6 14. Qb3 Rf8 15. Qg3 d6 16. Nf4 Ne5 17. h4 Qf7 18. Nh3 Qf5 19. Bd3 Qg4 20. Qe1 Bd7 21. Be4 Bc6 22. Bxc6 bxc6 23. Qa5 Ra7 24. g3 Rb8 25. Nf4 Rxb2 26. Qa3 Rab7 27. Qxa6 Qxg3 0-1

[Event "Brasilia Region"]
[Site "Brasilia"]
[Date "2013.09.13"]
[Round "1.1"]
[White "De Oliveira, Italo Candido"]
[Black "Cunha, Lucas Aguiar"]
[Result "0-1"]
[WhiteElo "1841"]
[BlackElo "2273"]
[PlyCount "54"]
[EventDate "2013.09.13"]
[EventType "swiss"]
[EventRounds "5"]
[EventCountry "BRA"]
[SourceTitle "EXT 2022"]
[Source "ChessBase"]
[SourceDate "2021.10.06"]
[SourceVersion "1"]
[SourceVersionDate "2021.10.06"]
[SourceQuality "1"]

1. d4 Nf6 2. c4 e6 3. Nc3 Bb4 4. Bg5 h6 5. Bh4 g5 6. Bg3 Ne4 7. Qc2 Bxc3+ 8. bxc3 Nxg3 9. hxg3 d6 10. e4 Nd7 11. f4 e5 12. f5 Qf6 13. Qb2 exd4 14. cxd4 0-0 15. g4 Re8 16. e5 Nxe5 17. 0-0-0 Nxg4 18. Nf3 Bxf5 19. Re1 Rxe1+ 20. Nxe1 Re8 21. Nc2 Bxc2 22. Qxc2 Re1+ 23. Kb2 Qxd4+ 24. Kb3 Re3+ 25. Ka4 b5+ 26. Kxb5 Qc5+ 27. Ka4 Ra3# 0-1